| 000 | 00862nam a22002057a 4500 | ||
|---|---|---|---|
| 999 |
_c1315 _d1315 |
||
| 003 | AR-CdUCM | ||
| 008 | 190226b ||||| |||| 00| 0 spa d | ||
| 040 |
_aMUNICIPALIDAD PROVINCIAL DEL CUSCO _cBIBLIOTECA MUNICIPAL DEL CUSCO |
||
| 082 |
_a342.73 / _bJ67 |
||
| 100 |
_aJahnson, Loch K. _95057 |
||
| 245 |
_aAcuerdos internacionales de los presidentes norteamericanos : _bel congreso se enfrenta al poder ejecutivo / |
||
| 260 |
_aArgentina : _bGel , _c1986. |
||
| 300 |
_a198 páginas ; _c22 cm. |
||
| 440 |
_aEstudios internacionales _95058 |
||
| 505 | _aRepaso de los acuerdos internacionales desde la guerra fría hasta la época de la distensión -- Control democrático sobre los acuerdos internacionales. | ||
| 650 |
_aAcuerdos de presidentes. _95059 |
||
| 700 |
_aVentura, Beatriz (traductora) _95060 |
||
| 942 |
_2ddc _cLIBROS |
||
| 945 |
_awfj _d2019-02-26 |
||